logo

Bir Sreshtho Munshi Abdur Rouf Library
Jhenaidah Cadet College

ছেলেবেলার কথা / (Record no. 13567)

MARC details
000 -LEADER
fixed length control field 00684nam a2200229 a 4500
001 - CONTROL NUMBER
JCCL Control Number 13567
003 - CONTROL NUMBER IDENTIFIER
JCCL marc code BD-JhCC
005 - DATE AND TIME OF LATEST TRANSACTION
control field 20240229080112.0
008 - FIXED-LENGTH DATA ELEMENTS--GENERAL INFORMATION
fixed length control field 240229b20162023bg a|||| ||a 000 0 ben d
020 ## - INTERNATIONAL STANDARD BOOK NUMBER
International Standard Book Number 9789849673675
035 ## - SYSTEM CONTROL NUMBER
system control number (BD-JhCC)13567
040 ## - CATALOGING SOURCE
Original cataloging agency BD-JhCC
Modifying agency BD-JhCC
041 ## - LANGUAGE CODE
Language code of Book Bengali
082 ## - DEWEY DECIMAL CLASSIFICATION NUMBER
Classification number 891.4435
Author mark and Year ROS 2023
100 ## - MAIN ENTRY--PERSONAL NAME
Personal name রশীদ,মামুনুর
245 ## - TITLE STATEMENT
Title ছেলেবেলার কথা /
Statement of responsibility, etc মামুনুর রশীদ।
260 ## - PUBLICATION, DISTRIBUTION, ETC. (IMPRINT)
Place of publication, distribution, etc ঢাকা:
Name of publisher, distributor, etc সুচয়নী পাবলিশার্স;
Date of publication, distribution, etc 2023.
300 ## - PHYSICAL DESCRIPTION
Pagination 120 p. :
Other physical details ill;
Dimensions 22 cm
650 ## - SUBJECT ADDED ENTRY--TOPICAL TERM
Topical term or geographic name as entry element Bengali Short Story.
942 ## - ADDED ENTRY ELEMENTS (KOHA)
Source of classification or shelving scheme Dewey Decimal Classification
Koha item type Books
Holdings
Source of classification or shelving scheme Damaged status Not for loan Home library Current library Shelving location Date of accession Cost, normal purchase price Total Checkouts Full call number Barcode Date last seen Copy number Method of acquisition Koha item type Currency
Dewey Decimal Classification     JCC Rouf Library JCC Rouf Library General Stacks   300.00   891.4435 ROS 2023 18757 02/29/2024 C-1 Purchase Books BDT
Dewey Decimal Classification     JCC Rouf Library JCC Rouf Library General Stacks   300.00   891.4435 ROS 2023 18758 02/29/2024 C-2 Purchase Books BDT

JCC Library | Contacts | JCC Home

Last Update on 23 September 2017
Copyright @ 2017-2020 JCC Rouf Library
Rouf Library, Jhenidah Cadet College (JCC), Bangladesh